| 000 | 00706nam a22002297a 4500 | ||
|---|---|---|---|
| 003 | UA-OsUOA | ||
| 001 | 66907 | ||
| 007 | ta | ||
| 008 | 20100202b un ||||| |||| 00| 0 ukr d | ||
| 090 |
_a94(477)(=112.28) _bК53 |
||
| 942 | _cBK | ||
| 040 |
_aUA-OsUOA _bukr _cUA-OsUOA _dUA-OsUOA |
||
| 245 |
_aКнига пам'яті воїнів-євреїв, загиблих під час Великої Вітчизняної війни 1941-1945 _cЛевітас І. |
||
| 300 | _a766 с. | ||
| 955 | _a2 | ||
| 041 | _aukr | ||
| 080 | _a94(477)(=112.28) | ||
| 020 | _a966-522-132-9 | ||
| 260 |
_aК. _c2001 |
||
| 650 | 7 |
_a9 Географія. Біографії. Історія _2UDC |
|
| 999 |
_c353150 _d353150 |
||